Marketing Topics through Academic Posters: an Avenue to Students Autonomy and Active Citizenship

Sociálne a environmentálne výzvy, ktoré predstavujú veľmi nestály, neistý a komplexný svet, a budú mať vplyv predovšetkým na mladých ľudí. Školy, ktoré musia svojim absolventom vštepiť súbor kritického myslenia, riešenia problémov, rozhodovania a komunikácie. Zručnosti, aby boli študenti informovaní...

ver descrição completa

Na minha lista:
Detalhes bibliográficos
Autor principal: Sieglová, Dagmar
Formato: Capítulo de Livro
Idioma:inglês
Assuntos:
Tags: Adicionar Tag
Sem tags, seja o primeiro a adicionar uma tag!

MARC

LEADER 00000naa a2200000 4500
001 0277909
005 20210819090225.1
041 0 |a eng 
044 |a SK 
245 1 0 |a Marketing Topics through Academic Posters: an Avenue to Students Autonomy and Active Citizenship  |c Dagmar Sieglová 
520 |a Sociálne a environmentálne výzvy, ktoré predstavujú veľmi nestály, neistý a komplexný svet, a budú mať vplyv predovšetkým na mladých ľudí. Školy, ktoré musia svojim absolventom vštepiť súbor kritického myslenia, riešenia problémov, rozhodovania a komunikácie. Zručnosti, aby boli študenti informovaní a angažovaní občania. Vo vysokoškolských inštitúciách to možno dosiahnuť posilnením motivácie a autonómie študentov. Akademické plagáty navrhnuté ako jeden z relevantných nástrojov, ktoré umožňujú pedagógom osvojiť si štýl výučby podporujúci autonómiu, ktorý vedie k zvýšenej nezávislosti, záujmu a zodpovednosti za sociálne záležitosti. 
610 2 0 |a študenti 
610 2 0 |a marketing 
610 2 0 |a školy 
610 2 0 |a občianstvo štátne 
100 1 |a Sieglová, Dagmar